000 00645nam a2200241Ia 4500
003 OSt
005 20220924123416.0
006 a|||||r|||| 00| 0
007 ta
008 220923b |||||||| |||| 00| 0 tam d
020 _a8189359835 (pb)
024 _a351005
037 _cTextual
040 _aARTS
_cARTS
_btam
041 _2tam
_atam
082 _aO31,6N65x, P5
100 _aKannan Au.
_9192697
245 0 _aPativukal aziyum kaalam
260 _aNagercoil
_bKalchuvadu pathippagam India
_c2005
650 _aTAMIL PROSE
942 _hO31,6N65x, P5
_cTEXL
_2CC
999 _c415578
_d415578